[Event "IECG CP.1998.P.00042"]
[Site "IECG email"]
[Date "1998.10.01"]
[Round "?"]
[White "Waerstad, Leif Edvin"]
[Black "Goosens, Jack"]
[Result "0-1"]
[WhiteElo "1566"]
[BlackElo "800"]
[PlyCount "50"]
[EventDate "1998.10.01"]
[EventType "tourn (corr)"]
[EventRounds "6"]
[EventCountry "SLO"]
[SourceTitle "Corr 2008"]
[Source "ChessBase"]
[SourceDate "2008.06.24"]
[SourceVersion "1"]
[SourceVersionDate "2008.06.24"]
[SourceQuality "1"]

1. e4 c6 2. d4 d5 3. exd5 cxd5 4. c4 Nf6 5. Nc3 g6 6. cxd5 Nxd5 7. Qb3 Nb6 8. Bb5+ Bd7 9. Nf3 Bg7 10. Ne5 0-0 11. Nxd7 N8xd7 12. 0-0 Nf6 13. Rd1 Rc8 14. Be3 Ng4 15. Be2 Nxe3 16. fxe3 e6 17. Bf3 Nc4 18. Ne2 Qg5 19. Rd3 Rc7 20. Rc1 Rfc8 21. e4 Nd2 22. Rxc7 Rxc7 23. Qa4 b5 24. Qd1 Bxd4+ 25. Kh1 Nxf3 0-1